| 000 | 00441nam a22001697a 4500 | ||
|---|---|---|---|
| 020 | _a978-1-0718-0807-8 | ||
| 082 | _a338 04 | ||
| 100 | _aNeck, Heidi M. | ||
| 245 |
_aEntrepreneurship: _bThe Practice and Mindset |
||
| 250 | _a2nd | ||
| 260 |
_aLos Angeles: _bSage Publication, _c2021 |
||
| 300 | _axxxix, 486p.: ill.; 28cm | ||
| 500 | _aInclude Index | ||
| 700 | _aNeck, Christopher P | ||
| 700 | _a Murray, Emma L | ||
| 942 | _cBK | ||
| 999 |
_c22087 _d22087 |
||